[Event "Match"]
[Site "www.echecsemail.com"]
[Date "2017.09.12"]
[Round "1"]
[White "Irene"]
[Black "Juodivarnai"]
[WhiteElo "2130"]
[BlackElo "2110"]
[Result "0-1"]
[Round "1"]
1.d4 d5
2.Nb1c3 Ng8f6
3.g3 e6
4.e3 c5
5.dxc5 Bf8xc5
6.a3 O-O
7.b4 Bc5d6
8.Nc3b5 Bd6e5
9.Ra1b1 a6
10.Nb5d4 Nb8c6
11.Nd4xc6 bxc6
12.Ng1f3 Be5c3
13.Bc1d2 Bc3xd2
14.Qd1xd2 Nf6e4
15.Qd2d4 Qd8f6
16.Bf1g2 Qf6xd4
17.exd4 a5
18.O-O Bc8a6
19.Rf1c1 Ne4c3
20.Rb1a1 Nc3e2
21.Kh1 Ne2xc1
22.Ra1xc1 axb4
23.axb4 Ba6c4
24.c3 Ra8a2
25.Kg1 Rf8a8
26.h4 Ra2b2
27.Nf3g5 Ra8a2
28.Ng5h3 Rb2c2
29.Rc1xc2 Ra2xc2
30.Nh3g5 Rc2xc3
31.Ng5f3 Rc3b3
32.Nf3e5 Bc4b5
33.Kh2 Rb3xb4
34.f4 Rb4xd4
35.Kh3 c5
36.h5 c4
37.Kg4 c3
38.Kg5 c2
39.g4 c1Q
40.h6 Qc1xf4
41.Kh5 Qf4xe5
42.g5 g6

0-1

[Event "Fast Game"]
[Site "www.echecsemail.com"]
[Date "2017.09.12"]
[Round "1"]
[White "Hennie4820"]
[Black "Attatroll"]
[WhiteElo "1660"]
[BlackElo "1780"]
[Result "1-0"]
[Round "1"]
1.e4 d6
2.d4 Ng8f6
3.f3 g6
4.c4 Bf8g7
5.Nb1c3 O-O
6.Bc1e3 c6
7.Qd1d2 Nb8a6
8.O-O-O Na6b4
9.a3 Nb4a6
10.Bf1d3 e5
11.d5 c5
12.Ng1e2 Na6c7
13.g4 Bc8xg4
14.fxg4 Nf6xg4
15.h3 Ng4xe3
16.Qd2xe3 Qd8h4
17.Kb1 a6
18.Rd1g1 Bg7h6
19.Qe3f3 Ra8e8
20.Rg1g4 Qh4e7
21.h4 Bh6g7
22.h5 Qe7f6
23.Qf3g3 gxh5
24.Rh1xh5 Kh8
25.Rg4h4 h6
26.Qg3e3 Kh7
27.Ne2g3 Rf8h8
28.Ng3f5 Kg8
29.Nf5xh6 Kf8
30.Rh5f5 Bg7xh6
31.Rf5xf6 Bh6xe3
32.Rh4xh8 Kg7
33.Rh8xe8 Kxf6
34.Re8c8 { resign }
1-0

[Event "Tourn. n9501"]
[Site "www.chess-mail.com"]
[Date "2017.09.13"]
[Round "1"]
[White "Picifarkinca"]
[Black "Fantomas"]
[WhiteElo "2080"]
[BlackElo "2080"]
[Result "1/2-1/2"]
[Round "1"]
1.Ng1f3 d5
2.c4 dxc4
3.e3 b5
4.a4 c6
5.axb5 cxb5
6.d4 Ng8f6
7.Nb1a3 a6
8.Na3xb5 Bc8b7
9.Nb5c3 Qd8c7
10.Nf3e5 e6
11.Ne5xc4 Bf8b4
12.Qd1a4 Nb8c6
13.Bc1d2 O-O
14.Ra1c1 Qc7e7
15.Bf1d3 Rf8d8
16.O-O Qe7c7
17.Nc3e4 { draw }
1/2-1/2

[Event "Tourn. n9506"]
[Site "www.chess-mail.com"]
[Date "2017.09.13"]
[Round "1"]
[White "Picifarkinca"]
[Black "Samyaksamadh"]
[WhiteElo "2080"]
[BlackElo "1819"]
[Result "1/2-1/2"]
[Round "1"]
1.b3 d5
2.f4 Qd8d6
3.e3 e5
4.Bc1a3 Qd6f6
5.Ba3b2 Bf8d6
6.Qd1f3 c6
7.fxe5 Bd6xe5
8.Qf3xf6 Be5xf6
9.Bb2xf6 Ng8xf6
10.Ng1f3 Nb8d7
11.b4 { draw }
1/2-1/2

[Event "Tourn. n9496"]
[Site "www.chess-mail.com"]
[Date "2017.09.13"]
[Round "1"]
[White "Darko10"]
[Black "Kermet"]
[WhiteElo "2810"]
[BlackElo "2420"]
[Result "1-0"]
[Round "1"]
1.c4 e5
2.Nb1c3 Bf8b4
3.Nc3d5 Bb4c5
4.Ng1f3 c6
5.Nd5c3 Qd8e7
6.d4 exd4
7.Nf3xd4 Ng8f6
8.Nd4f5 Qe7e5
9.Nf5xg7 Kf8
10.f4 Qe5c7
11.Ng7f5 d5
12.Nf5d4 dxc4
13.f5 Qc7e5
14.Bc1h6 Ke7
15.e3 Bc5xd4
16.Qd1xd4 Qe5xd4
17.exd4 Bc8xf5
18.Bf1xc4 Bf5e6
19.Bc4xe6 fxe6
20.Bh6g5 { resign }
1-0

[Event "Tourn. n9495"]
[Site "www.chess-mail.com"]
[Date "2017.09.13"]
[Round "1"]
[White "Picifarkinca"]
[Black "Attatroll"]
[WhiteElo "2080"]
[BlackElo "2000"]
[Result "1/2-1/2"]
[Round "1"]
1.e4 d6
2.d4 Ng8f6
3.f3 g6
4.c4 Bf8g7
5.Bc1e3 O-O
6.Nb1c3 c6
7.Bf1d3 Nb8d7
8.Ng1e2 e5
9.d5 c5
10.O-O a6
11.Kh1 { draw }
1/2-1/2

[Event "Tourn. n9501"]
[Site "www.chess-mail.com"]
[Date "2017.09.13"]
[Round "1"]
[White "Picifarkinca"]
[Black "Orhany24"]
[WhiteElo "2080"]
[BlackElo "2090"]
[Result "1/2-1/2"]
[Round "1"]
1.Ng1f3 d5
2.c4 d4
3.b4 c5
4.d3 f6
5.b5 e5
6.Bc1d2 Bf8d6
7.g3 Bc8e6
8.Bf1g2 Nb8d7
9.O-O Ng8e7
10.a4 { draw }
1/2-1/2

[Event "Tourn. n9493"]
[Site "www.chess-mail.com"]
[Date "2017.09.13"]
[Round "1"]
[White "Picifarkinca"]
[Black "Caspito"]
[WhiteElo "2090"]
[BlackElo "1900"]
[Result "1/2-1/2"]
[Round "1"]
1.Ng1f3 Nb8c6
2.d4 d5
3.Bc1f4 Ng8f6
4.h3 Bc8f5
5.c3 e6
6.e3 Bf8d6
7.Bf4g5 O-O
8.Bf1d3 Bd6e7
9.Bd3xf5 exf5
10.Nb1d2 a6
11.O-O b5
12.Qd1c2 Qd8c8
13.Nf3e5 Qc8e8
14.Qc2xf5 Nc6xe5
15.dxe5 Nf6d7
16.Bg5f4 { draw }
1/2-1/2

[Event "Tourn. n9504"]
[Site "www.chess-mail.com"]
[Date "2017.09.13"]
[Round "1"]
[White "Picifarkinca"]
[Black "Bojan"]
[WhiteElo "2080"]
[BlackElo "2020"]
[Result "1/2-1/2"]
[Round "1"]
1.d4 d5
2.c4 dxc4
3.e4 e5
4.d5 b5
5.a4 Bc8d7
6.axb5 Bd7xb5
7.Nb1a3 c6
8.Na3xc4 cxd5
9.Nc4d6 Qd8xd6
10.Bf1xb5 Ke7
11.Qd1xd5 Qd6xd5
12.exd5 h6
13.Ng1e2 Ng8f6
14.Ne2c3 { draw }
1/2-1/2

[Event "Tourn. n9510"]
[Site "www.chess-mail.com"]
[Date "2017.09.13"]
[Round "1"]
[White "Picifarkinca"]
[Black "Luban"]
[WhiteElo "2080"]
[BlackElo "2100"]
[Result "1/2-1/2"]
[Round "1"]
1.b3 d5
2.Bc1b2 e6
3.g3 c5
4.Bf1g2 Ng8f6
5.Ng1f3 Nb8c6
6.O-O Bf8e7
7.d3 O-O
8.Nb1d2 b5
9.Nf3e5 Bc8b7
10.Nd2f3 Ra8c8
11.Ne5xc6 Bb7xc6
12.Nf3e5 d4
13.Ne5xc6 { draw }
1/2-1/2

[Event "Tourn. n9349"]
[Site "www.chess-mail.com"]
[Date "2017.09.13"]
[Round "1"]
[White "Marbachess"]
[Black "Loper10"]
[WhiteElo "2630"]
[BlackElo "2730"]
[Result "0-1"]
[Round "1"]
1.f4 e6
2.b3 d5
3.Bc1b2 Ng8f6
4.Ng1f3 Bf8e7
5.e3 O-O
6.d4 c5
7.Bf1d3 b5
8.O-O c4
9.Bd3e2 a6
10.Nf3e5 Qd8c7
11.Be2f3 Bc8b7
12.c3 Nf6e8
13.Qd1e1 Nb8d7
14.Nb1d2 Nd7b6
15.e4 a5
16.exd5 exd5
17.bxc4 dxc4
18.Qe1e2 f6
19.Ne5g4 Ne8d6
20.Ng4e3 Rf8e8
21.Rf1e1 Be7f8
22.Ra1b1 Nd6f5
23.Nd2f1 b4
24.g3 Nf5d6
25.Nf1d2 Re8e7
26.Bf3xb7 Qc7xb7
27.h4 Ra8e8
28.Qe2f2 Qb7d7
29.Bb2a1 Nd6e4
30.Nd2xe4 Re7xe4
31.Kh2 b3
32.Ba1b2 bxa2
33.Rb1a1 Qd7b5
34.Ra1xa2 Nb6d5
35.Bb2c1 Nd5xc3
36.Ra2b2 Bf8b4
37.Bc1d2 Nc3a4
38.Rb2c2 Bb4xd2
39.Rc2xd2 c3
40.Rd2a2 Na4b2
41.Ra2a1 Nb2d3
42.Qf2a2 Kh8
43.Re1b1 Qb5d7
44.Ne3g2 Re4e2
45.Qa2c4 Nd3f2
46.Kg1 c2
47.Rb1e1 Re2xe1
48.Ng2xe1 Nf2e4
49.Ne1xc2 Qd7g4
50.Nc2e3 Qg4f3
51.Ne3f1 Ne4xg3
52.Ra1e1 Qf3h1
53.Kf2 Ng3e4
54.Re1xe4 Qh1xe4
{ resign }
0-1

[Event "Tourn. n9478"]
[Site "www.chess-mail.com"]
[Date "2017.09.13"]
[Round "1"]
[White "Bojan"]
[Black "Picifarkinca"]
[WhiteElo "2020"]
[BlackElo "2040"]
[Result "1/2-1/2"]
[Round "1"]
1.e4 e6
2.d4 d5
3.Bf1d3 Nb8d7
4.Qd1e2 Bf8e7
5.Nb1c3 c6
6.Ng1f3 Qd8b6
7.a3 Ng8f6
8.b3 O-O
9.Bc1g5 Rf8e8
10.Bg5h4 dxe4
11.Nc3xe4 c5
12.Qe2e3 Nf6d5
13.Qe3d2 Be7xh4
14.dxc5 Bh4xf2
15.Qd2xf2 Qb6c7
16.Ne4d6 Re8f8
17.Nf3g5 Nd7f6
18.c4 Nd5e7
19.O-O Bc8d7
20.b4 Ne7g6
21.Ra1d1 Bd7e8
22.Qf2f3 Be8c6
23.Qf3g3 b6
24.Nd6b5 Qc7xg3
{ draw }
1/2-1/2

[Event "Tourn. n9472"]
[Site "www.chess-mail.com"]
[Date "2017.09.13"]
[Round "1"]
[White "Picifarkinca"]
[Black "Awfen"]
[WhiteElo "2000"]
[BlackElo "2030"]
[Result "1/2-1/2"]
[Round "1"]
1.e4 Nb8c6
2.d4 e5
3.d5 Nc6e7
4.c4 Ne7g6
5.Nb1c3 Ng8f6
6.f3 Bf8b4
7.Qd1b3 Bb4c5
8.Bf1d3 a6
9.Ng1e2 O-O
10.Bc1g5 h6
11.Bg5xf6 Qd8xf6
12.O-O-O Ng6e7
13.Kb1 c6
14.Ne2g3 a5
15.Nc3e2 cxd5
16.cxd5 d6
17.Bd3b5 b6
18.Ng3h5 Qf6g5
19.g4 { draw }
1/2-1/2

[Event "Tourn. n9518"]
[Site "www.chess-mail.com"]
[Date "2017.09.13"]
[Round "1"]
[White "Francesco"]
[Black "Picifarkinca"]
[WhiteElo "2130"]
[BlackElo "2110"]
[Result "1/2-1/2"]
[Round "1"]
1.e4 c5
2.Ng1f3 e6
3.d4 cxd4
4.Nf3xd4 a6
5.Nb1c3 Qd8c7
6.Qd1f3 Nb8c6
7.Bc1e3 Bf8a3
8.Nd4xc6 Ba3xb2
9.Ra1b1 Bb2xc3
10.Be3d2 Bc3xd2
{ draw }
1/2-1/2

[Event "Tourn. n9488"]
[Site "www.chess-mail.com"]
[Date "2017.09.13"]
[Round "1"]
[White "Picifarkinca"]
[Black "Karousek"]
[WhiteElo "2080"]
[BlackElo "2090"]
[Result "1/2-1/2"]
[Round "1"]
1.Ng1f3 c5
2.g3 d5
3.Bf1g2 Ng8f6
4.O-O Nb8c6
5.d4 e6
6.c3 Bf8e7
7.Nb1d2 O-O
8.Qd1c2 cxd4
9.cxd4 Bc8d7
10.a3 Ra8c8
11.Qc2d3 Be7d6
12.b4 Nc6e7
13.Bc1b2 Ne7g6
14.Nf3e5 { draw }
1/2-1/2

[Event "Tourn. n9517"]
[Site "www.chess-mail.com"]
[Date "2017.09.13"]
[Round "1"]
[White "Malbertan"]
[Black "Bojan"]
[WhiteElo "1920"]
[BlackElo "1980"]
[Result "1-0"]
[Round "1"]
1.e4 e5
2.Ng1f3 Nb8c6
3.Bf1c4 Ng8f6
4.Nf3g5 d5
5.exd5 Nf6xd5
6.Ng5xf7 Kxf7
7.Qd1f3 Ke6
8.Nb1c3 Nc6e7
9.d4 c6
10.O-O Ne7g6
11.Rf1e1 Bf8d6
12.Bc4xd5 cxd5
13.Qf3xd5 Kf6
14.Nc3e4 Kf5
15.Ne4xd6 Kg4
16.Qd5f3 Kh4
17.g3 Kh3
18.g4 { resign }
1-0

[Event "Tourn. n9511"]
[Site "www.chess-mail.com"]
[Date "2017.09.13"]
[Round "1"]
[White "Picifarkinca"]
[Black "Cjood"]
[WhiteElo "2080"]
[BlackElo "1970"]
[Result "1/2-1/2"]
[Round "1"]
1.b3 c5
2.Bc1b2 d5
3.e3 Bc8f5
4.Ng1f3 f6
5.Bf1b5 Nb8c6
6.d3 Qd8c7
7.Nb1d2 e5
8.e4 dxe4
9.Nd2xe4 O-O-O
10.Ne4g3 Bf5g4
11.h3 Bg4xf3
12.Qd1xf3 { draw }
1/2-1/2

[Event "Tourn. n9504"]
[Site "www.chess-mail.com"]
[Date "2017.09.13"]
[Round "1"]
[White "Mitja"]
[Black "Picifarkinca"]
[WhiteElo "2090"]
[BlackElo "2080"]
[Result "1/2-1/2"]
[Round "1"]
1.d4 Ng8f6
2.e3 d5
3.c3 e6
4.Ng1f3 c5
5.dxc5 Bf8xc5
6.Nb1d2 O-O
7.Nd2b3 Bc5d6
8.h3 e5
9.Bf1e2 Nb8c6
10.O-O Rf8e8
{ draw }
1/2-1/2

[Event "Tourn. n9471"]
[Site "www.chess-mail.com"]
[Date "2017.09.13"]
[Round "1"]
[White "Faerieking"]
[Black "Seger"]
[WhiteElo "2270"]
[BlackElo "2680"]
[Result "1/2-1/2"]
[Round "1"]
1.e4 e5
2.Ng1f3 Nb8c6
3.Bf1c4 Ng8f6
4.Nf3g5 Bf8c5
5.Ng5xf7 Bc5xf2
6.Kf1 Qd8e7
7.Nf7xh8 d5
8.exd5 Nc6d4
9.d6 Qe7xd6
10.d3 Bc8g4
11.Nh8f7 Qd6b6
12.Qd1d2 Bg4e2
13.Kxf2 Nf6g4
14.Ke1 Qb6f6
15.Qd2xe2 Nd4xe2
16.Kxe2 Qf6f2
17.Kd1 Qf2xg2
18.Rh1e1 Ng4f2
19.Kd2 Nf2e4
20.Kd1 Ne4f2
21.Kd2 Nf2e4
22.Kd1 Ne4f2
{ draw }
1/2-1/2

[Event "Tourn. n9493"]
[Site "www.chess-mail.com"]
[Date "2017.09.13"]
[Round "1"]
[White "Cjood"]
[Black "Picifarkinca"]
[WhiteElo "1920"]
[BlackElo "2080"]
[Result "1/2-1/2"]
[Round "1"]
1.Ng1f3 d5
2.b3 Ng8f6
3.d3 Bc8g4
4.e3 e5
5.h3 Bg4xf3
6.Qd1xf3 c6
7.Bf1e2 Bf8b4
8.Bc1d2 Bb4xd2
9.Nb1xd2 Qd8a5
10.Qf3g3 Qa5c3
11.Ra1d1 O-O
12.a4 Nb8d7
13.Rd1c1 Nd7c5
14.O-O Qc3xd2
15.Rf1e1 Qd2c3
{ draw }
1/2-1/2

[Event "Tourn. n9524"]
[Site "www.chess-mail.com"]
[Date "2017.09.13"]
[Round "1"]
[White "Picifarkinca"]
[Black "Cjood"]
[WhiteElo "2110"]
[BlackElo "1990"]
[Result "1/2-1/2"]
[Round "1"]
1.Ng1f3 Ng8f6
2.b3 b6
3.Bc1b2 e6
4.c4 Bf8e7
5.Nb1c3 Bc8b7
6.d3 O-O
7.e4 d6
8.g3 Nb8d7
9.Bf1g2 c6
10.O-O e5
11.d4 { draw }
1/2-1/2

[Event "Tourn. n9510"]
[Site "www.chess-mail.com"]
[Date "2017.09.13"]
[Round "1"]
[White "Fantomas"]
[Black "Picifarkinca"]
[WhiteElo "2140"]
[BlackElo "2080"]
[Result "1/2-1/2"]
[Round "1"]
1.Ng1f3 Ng8f6
2.c4 e6
3.d3 d5
4.cxd5 exd5
5.g3 Bf8b4
6.Bc1d2 Bb4xd2
7.Qd1xd2 O-O
8.Bf1g2 Rf8e8
9.O-O d4
10.Nb1a3 c5
11.Ra1c1 Qd8e7
12.Rf1e1 Nb8c6
13.Na3c2 Bc8f5
14.a3 a5
{ draw }
1/2-1/2

[Event "Tourn. n9478"]
[Site "www.chess-mail.com"]
[Date "2017.09.13"]
[Round "1"]
[White "Picifarkinca"]
[Black "Luban"]
[WhiteElo "2040"]
[BlackElo "2150"]
[Result "1/2-1/2"]
[Round "1"]
1.b3 d5
2.Bc1b2 e6
3.g3 Ng8f6
4.Bf1g2 c5
5.Ng1f3 Nb8c6
6.d3 Bf8e7
7.Nb1d2 O-O
8.O-O h6
9.e4 d4
10.a3 b5
11.Rf1e1 Bc8b7
12.Nd2f1 e5
13.c3 dxc3
14.Bb2xc3 Be7d6
15.Nf1e3 b4
16.axb4 cxb4
17.Bc3b2 a5
18.Ne3c4 Rf8e8
19.d4 exd4
20.Nf3xd4 Ra8c8
21.Nc4xd6 Qd8xd6
22.Nd4f5 Qd6xd1
23.Ra1xd1 { draw }
1/2-1/2

[Event "Tourn. n9526"]
[Site "www.chess-mail.com"]
[Date "2017.09.13"]
[Round "1"]
[White "Picifarkinca"]
[Black "Bojan"]
[WhiteElo "2150"]
[BlackElo "2000"]
[Result "1/2-1/2"]
[Round "1"]
1.Ng1f3 g6
2.c4 Bf8g7
3.e4 d6
4.d4 b6
5.Nb1c3 c5
6.d5 h6
7.h3 Nb8d7
8.Bf1e2 Nd7e5
9.O-O Ne5xf3
10.Be2xf3 Bg7xc3
11.bxc3 Bc8d7
12.Bc1e3 e6
13.Qd1d2 { draw }
1/2-1/2

[Event "Tourn. n9474"]
[Site "www.chess-mail.com"]
[Date "2017.09.13"]
[Round "1"]
[White "Caspito"]
[Black "Malbertan"]
[WhiteElo "1910"]
[BlackElo "2060"]
[Result "1-0"]
[Round "1"]
1.e4 e5
2.Ng1f3 Ng8f6
3.Nf3xe5 d6
4.Ne5xf7 Kxf7
5.Bf1c4 Ke8
6.d3 Nb8c6
7.c3 Qd8e7
8.O-O Bc8e6
9.Qd1b3 Be6xc4
10.Qb3xc4 Nc6e5
11.Qc4b5 c6
12.Qb5a4 Nf6g4
13.Bc1f4 g5
14.Bf4g3 Bf8g7
15.d4 Ne5d7
16.h3 Ng4f6
17.Nb1d2 Kd8
18.Rf1e1 Nd7b6
19.Qa4c2 h5
20.b3 g4
21.Bg3h4 gxh3
22.gxh3 Qe7d7
23.e5 Qd7xh3
24.exf6 Qh3xh4
25.fxg7 Qh4g4
26.Kf1 Rh8g8
27.Nd2e4 Rg8xg7
28.Ne4xd6 Qg4h3
29.Ke2 Rg7e7
30.Kd2 Re7xe1
31.Ra1xe1 Qh3f3
32.Nd6xb7 Kc8
33.Nb7d6 Kc7
34.Qc2h7 Kxd6
35.Qh7e7 { resign }
1-0

[Event "Tourn. n9526"]
[Site "www.chess-mail.com"]
[Date "2017.09.13"]
[Round "1"]
[White "Picifarkinca"]
[Black "Cjood"]
[WhiteElo "2150"]
[BlackElo "2010"]
[Result "1/2-1/2"]
[Round "1"]
1.Ng1f3 c5
2.c4 Nb8c6
3.d4 cxd4
4.Nf3xd4 Qd8b6
5.e3 Qb6b4
6.Qd1d2 Qb4xd2
7.Bc1xd2 e5
8.Nd4xc6 dxc6
9.Bd2c3 Bf8d6
10.Nb1d2 { draw }
1/2-1/2

[Event "Tourn. n9489"]
[Site "www.chess-mail.com"]
[Date "2017.09.13"]
[Round "1"]
[White "Luban"]
[Black "Picifarkinca"]
[WhiteElo "2130"]
[BlackElo "2090"]
[Result "1/2-1/2"]
[Round "1"]
1.d4 e6
2.c4 b6
3.Ng1f3 Bf8b4
4.Bc1d2 Qd8e7
5.Nb1c3 Bc8b7
6.e3 Ng8f6
7.Bf1d3 d6
8.O-O Bb4xc3
9.Bd2xc3 Nb8d7
10.Rf1e1 Nf6e4
11.Bd3xe4 Bb7xe4
12.d5 exd5
13.cxd5 Nd7f6
14.Nf3d4 Qe7d7
15.Nd4c6 Be4xd5
16.Nc6xa7 Bd5b7
{ draw }
1/2-1/2

[Event "Tourn. n9489"]
[Site "www.chess-mail.com"]
[Date "2017.09.13"]
[Round "1"]
[White "Picifarkinca"]
[Black "Fantomas"]
[WhiteElo "2090"]
[BlackElo "2000"]
[Result "1/2-1/2"]
[Round "1"]
1.d4 d5
2.c4 e6
3.Nb1c3 Ng8f6
4.Bc1g5 Bf8e7
5.e3 h6
6.Bg5h4 c6
7.Ng1f3 Nb8d7
8.Ra1c1 O-O
9.Qd1c2 dxc4
10.Bf1xc4 Nd7b6
11.Bc4d3 Nb6d5
12.O-O Nd5b4
13.Qc2e2 Nb4xd3
14.Qe2xd3 c5
15.Rf1d1 cxd4
16.Qd3xd4 Qd8a5
17.Qd4e5 Qa5xe5
18.Nf3xe5 g5
19.Bh4g3 Nf6h5
20.Ne5d7 Rf8d8
21.Nd7e5 Nh5xg3
22.hxg3 Kf8
23.Rd1xd8 Be7xd8
24.Nc3b5 Ke7
25.f4 f6
26.Ne5f3 Bc8d7
27.Nb5c3 Bd8b6
28.Kf2 Ra8c8
29.Rc1h1 Rc8h8
30.fxg5 fxg5
31.Nf3xg5 { draw }
1/2-1/2

[Event "Tourn. n9515"]
[Site "www.chess-mail.com"]
[Date "2017.09.13"]
[Round "1"]
[White "Francesco"]
[Black "Picifarkinca"]
[WhiteElo "2130"]
[BlackElo "2080"]
[Result "1/2-1/2"]
[Round "1"]
1.e4 e6
2.d4 d5
3.exd5 exd5
4.Bf1d3 Bf8d6
5.Ng1e2 Qd8h4
6.h3 Ng8e7
7.Nb1d2 Nb8c6
8.Nd2f3 Qh4h5
9.Ne2f4 Bd6xf4
10.Bc1xf4 Bc8g4
{ draw }
1/2-1/2

[Event "Tourn. n9515"]
[Site "www.chess-mail.com"]
[Date "2017.09.13"]
[Round "1"]
[White "Picifarkinca"]
[Black "Cjood"]
[WhiteElo "2080"]
[BlackElo "2000"]
[Result "1/2-1/2"]
[Round "1"]
1.b3 Ng8f6
2.f4 g6
3.Bc1b2 Bf8g7
4.Ng1f3 d6
5.g3 b5
6.e4 a6
7.Bf1g2 O-O
8.d3 Bc8b7
9.O-O c5
10.Nb1d2 Nb8d7
11.Kh1 Ra8b8
12.Qd1e2 { draw }
1/2-1/2

[Event "Tourn. n9436"]
[Site "www.chess-mail.com"]
[Date "2017.09.13"]
[Round "1"]
[White "Ztornad"]
[Black "Robinjut"]
[WhiteElo "1580"]
[BlackElo "1640"]
[Result "1-0"]
[Round "1"]
1.c4 e5
2.e4 d6
3.Nb1c3 a6
4.h3 h6
5.Nc3d5 Bc8d7
6.Ng1f3 Ng8f6
7.Nd5c3 Nb8c6
8.Nc3d5 Bf8e7
9.Nd5xe7 Qd8xe7
10.Bf1d3 Nc6b4
11.a3 Nb4xd3
12.Kf1 Nd3xc1
13.Qd1xc1 O-O
14.Nf3h2 Nf6xe4
15.Nh2f3 c5
16.b4 cxb4
17.axb4 Ra8c8
18.d3 Ne4g5
19.Nf3h2 Bd7c6
20.Ra1a3 Qe7f6
21.Nh2g4 Bc6xg2
22.Kg1 Qf6f3
23.Rh1h2 Ng5xh3
24.Rh2xh3 Qf3xh3
25.Ng4h2 Rf8e8
26.d4 Qh3h4
27.Kxg2 exd4
28.Ra3h3 Re8e2
29.Rh3xh4 { resign }
1-0

[Event "Tourn. n9449"]
[Site "www.chess-mail.com"]
[Date "2017.09.13"]
[Round "1"]
[White "Vios"]
[Black "Begory"]
[WhiteElo "2020"]
[BlackElo "999"]
[Result "1-0"]
[Round "1"]
1.e4 e5
2.f4 Nb8c6
3.Ng1f3 exf4
4.d4 d5
5.e5 Bc8g4
6.c3 Bg4xf3
7.Qd1xf3 g5
8.h4 gxh4
9.Bc1xf4 Qd8e7
10.Qf3xd5 Ra8d8
11.Qd5f3 Bf8h6
12.Nb1d2 Bh6xf4
13.Qf3xf4 Nc6a5
14.Qf4xh4 Qe7xh4
15.Rh1xh4 Ng8e7
16.b4 Na5c6
17.Nd2e4 O-O
18.Ne4f6 Kh8
19.Rh4xh7 { resign }
1-0

[Event "Tourn. n9465"]
[Site "www.chess-mail.com"]
[Date "2017.09.13"]
[Round "1"]
[White "Julian"]
[Black "Pachi"]
[WhiteElo "1560"]
[BlackElo "1560"]
[Result "0-1"]
[Round "1"]
1.e4 e5
2.Ng1f3 d6
3.d4 Bc8g4
4.Bf1e2 Bg4xf3
5.Be2xf3 f6
6.dxe5 fxe5
7.O-O Qd8h4
8.g3 Qh4h3
9.Bf3g2 Qh3d7
10.Nb1c3 c6
11.Bc1g5 h6
12.Bg5e3 Nb8a6
13.Qd1h5 Qd7f7
14.Qh5xf7 Kxf7
15.f4 Ng8f6
16.fxe5 dxe5
17.g4 g5
18.Rf1f5 Na6b4
19.Ra1f1 Bf8e7
20.a3 Nb4xc2
 { time }
0-1

[Event "Tourn. n9488"]
[Site "www.chess-mail.com"]
[Date "2017.09.13"]
[Round "1"]
[White "Fantomas"]
[Black "Picifarkinca"]
[WhiteElo "2000"]
[BlackElo "2080"]
[Result "1/2-1/2"]
[Round "1"]
1.d4 e6
2.Ng1f3 d5
3.g3 c5
4.c3 Nb8c6
5.Bf1g2 Ng8f6
6.O-O Bf8e7
7.Nb1d2 O-O
8.b3 b6
9.Bc1b2 Bc8b7
10.e3 Ra8c8
11.Ra1c1 cxd4
12.cxd4 Bb7a6
13.Rf1e1 Nc6b4
14.Rc1xc8 Qd8xc8
15.Bb2a3 Qc8c7
16.Ba3xb4 Be7xb4
17.Bg2f1 Ba6xf1
18.Re1xf1 Bb4xd2
{ draw }
1/2-1/2

[Event "Tourn. n9488"]
[Site "www.chess-mail.com"]
[Date "2017.09.13"]
[Round "1"]
[White "Picifarkinca"]
[Black "Guidom"]
[WhiteElo "2080"]
[BlackElo "2130"]
[Result "1/2-1/2"]
[Round "1"]
1.Ng1f3 d5
2.g3 c5
3.Bf1g2 Nb8c6
4.d4 c4
5.O-O e6
6.Rf1e1 Ng8f6
7.Bc1g5 Bf8e7
8.Nb1d2 O-O
9.e4 h6
10.Bg5xf6 Be7xf6
11.e5 Bf6e7
12.c3 b5
13.Nd2f1 a5
14.Nf1e3 b4
15.Ra1b1 Bc8d7
16.Nf3d2 Qd8c7
17.f4 { draw }
1/2-1/2

[Event "Tourn. n9506"]
[Site "www.chess-mail.com"]
[Date "2017.09.13"]
[Round "1"]
[White "Cjood"]
[Black "Picifarkinca"]
[WhiteElo "1910"]
[BlackElo "2080"]
[Result "1/2-1/2"]
[Round "1"]
1.g3 Ng8f6
2.Bf1g2 g6
3.c3 Bf8g7
4.e4 d6
5.d3 c6
6.f4 Nb8d7
7.d4 e5
8.dxe5 dxe5
9.fxe5 Nd7xe5
10.Qd1xd8 Kxd8
11.Bg2f1 Nf6xe4
12.Bf1g2 Ne4c5
13.Bg2f1 Bc8e6
{ draw }
1/2-1/2

[Event "Match"]
[Site "www.echecsemail.com"]
[Date "2017.09.13"]
[Round "1"]
[White "Ranjachess"]
[Black "Rindrandria"]
[WhiteElo "1870"]
[BlackElo "1730"]
[Result "1-0"]
[Round "1"]
1.e4 e5
2.d4 f6
3.Ng1f3 Qd8e7
4.a3 g5
5.h3 c5
6.d5 d6
7.g4 h5
8.Bf1g2 h4
9.Qd1e2 Bc8d7
10.c4 Qe7h7
11.Nf3h2 Bd7a4
12.Nb1c3 Ba4b3
13.a4 Nb8a6
14.Ra1a3 Bb3xc4
15.Qe2xc4 Kf7
16.Ra3b3 Na6b4
17.Nc3b5 a6
18.Nb5c7 b5
19.axb5 axb5
20.Qc4xb5 Nb4c2
21.Kd1 Nc2d4
22.Qb5b7 Ng8e7
23.Nc7xa8 Nd4xb3
24.Qb7xb3 Ne7g6
25.Kc2 Ng6f4
26.Bc1xf4 Bf8e7
27.Bf4xg5 Rh8xa8
28.Bg5d2 Qh7g8
29.Nh2f3 c4
30.Qb3e3 Qg8e8
31.b3 Ra8a2
32.Kc3 Ra2a3
33.Rh1b1 Qe8a8
34.Qe3b6 cxb3
35.Rb1xb3 Be7d8
36.Rb3xa3 Qa8xa3
37.Qb6b3 Bd8a5
38.Kc2 Qa3c5
39.Kd1 Ba5xd2
40.Nf3xd2 Qc5xf2
41.Bg2f1 Qf2a7
42.g5 fxg5
43.Qb3f3 Kg6
44.Qf3f5 Kh6
45.Qf5f6 Kh7
46.Qf6xd6 Qa7g7
47.Nd2f3 g4
48.Nf3xe5 gxh3
49.Ne5f3 Qg7a1
50.Ke2 Qa1b2
51.Nf3d2 Qb2b5
52.Kf2 Qb5e8
53.Bf1xh3 Qe8f7
54.Nd2f3 { resign }
1-0

[Event "Match"]
[Site "www.echecsemail.com"]
[Date "2017.09.13"]
[Round "1"]
[White "Canario"]
[Black "Osvalazo"]
[WhiteElo "1840"]
[BlackElo "1760"]
[Result "1-0"]
[Round "1"]
1.e4 e5
2.Ng1f3 Nb8c6
3.Nb1c3 Ng8f6
4.Bf1c4 h6
5.d3 Bf8c5
6.h3 Bc5b4
7.Bc1d2 Bb4xc3
8.Bd2xc3 O-O
9.Bc3xe5 Nf6h7
10.O-O d6
11.Be5xg7 Kxg7
12.Qd1d2 Bc8e6
13.Bc4xe6 fxe6
14.Qd2e3 Qd8f6
15.c3 d5
16.e5 Qf6g6
17.d4 Rf8f7
18.Nf3h4 Qg6h5
19.Qe3g3 Kf8
20.Nh4g6 Ke8
21.Ng6f4 Qh5g5
22.Qg3xg5 Nh7xg5
23.Nf4h5 Kd7
24.f3 Ra8g8
25.Kh2 Ng5h7
26.a4 Rf7f5
27.g4 Rf5g5
28.b4 Nh7f8
29.Nh5f6 Ke7
30.Nf6xg8 Rg5xg8
31.a5 Nf8g6
32.Kg3 Nc6d8
33.h4 h5
34.g5 a6
35.Ra1c1 Rg8f8
36.c4 Nd8c6
37.cxd5 exd5
38.f4 Kd7
39.f5 Ng6e7
40.f6 Ne7g6
41.Rc1c5 Nc6xb4
42.Rf1b1 Nb4d3
43.Rc5c3 Nd3f4
44.Rc3c2 Rf8b8
45.Rc2f2 Nf4d3
46.Rf2f3 Nd3xe5
47.Rf3b3 Kc8
48.dxe5 Ng6xe5
49.Kf4 Ne5g6
50.Kg3 b5
51.axb6 c6
52.b7 Kc7
53.f7 c5
54.Rb1f1 c4
55.Rb3a3 Kxb7
56.Rf1b1 Ka7
57.Rb1xb8 Kxb8
58.Ra3xa6 Ng6f8
59.Kf2 c3
60.Ke2 d4
61.Kd3 Kb7
62.Ra6d6 Kc7
63.Rd6h6 Kd7
64.Rh6xh5 Ke7
65.Rh5h6 Kxf7
66.Rh6d6 Nf8e6
67.g6 Ke7
68.Rd6c6 Ne6f4
69.Kc2 Kf8
70.Rc6f6 Kg7
71.Rf6xf4 Kxg6
72.Rf4xd4 Kh5
73.Kxc3 Kg6
74.Rd4d5 Kh6
75.Kd4 Kg6
76.Ke4 Kh6
77.Kf4 Kg6
78.h5 Kh6
79.Rd5g5 Kh7
80.Rg5g6 Kh8
81.Kf5 Kh7
82.Rg6a6 Kg7
83.h6 Kh7
84.Kg5 Kg8
85.Ra6a7 Kh8
86.Kg6 Kg8
87.Ra7a8 { resign }
1-0

[Event "Match"]
[Site "www.echecsemail.com"]
[Date "2017.09.13"]
[Round "1"]
[White "Blackygrey"]
[Black "Karlgrocer"]
[WhiteElo "1499"]
[BlackElo "2010"]
[Result "1-0"]
[Round "1"]
1.e4 c5
2.Ng1f3 d6
3.d4 cxd4
4.Nf3xd4 Ng8f6
5.Nb1c3 e6
6.Bc1e3 Bf8e7
7.f3 O-O
8.g4 a6
9.g5 Nf6e8
10.Qd1d2 b5
11.O-O-O Bc8d7
12.h4 b4
13.Nc3e2 a5
14.Kb1 Qd8c7
15.h5 Nb8c6
16.g6 Nc6xd4
17.Ne2xd4 Be7f6
18.Bf1d3 e5
19.gxh7 Kxh7
20.Nd4f5 Bd7xf5
21.exf5 Ra8b8
22.Rd1g1 d5
23.h6 g6
24.fxg6 fxg6
25.Bd3xg6 Kh8
26.Qd2xd5 Rb8d8
27.Qd5e6 Rd8d6
28.Qe6f5 Rd6c6
29.Bg6xe8 Rf8xe8
30.Rg1g7 Qc7c8
31.Qf5h7 
1-0

[Event "Match"]
[Site "www.echecsemail.com"]
[Date "2017.09.13"]
[Round "1"]
[White "Llord"]
[Black "Azocarwagner"]
[WhiteElo "1900"]
[BlackElo "1870"]
[Result "1-0"]
[Round "1"]
1.e4 e5
2.Ng1f3 Nb8c6
3.Bf1c4 h6
4.O-O Ng8f6
5.Nb1c3 Bf8c5
6.d3 a6
7.a3 Bc5d4
8.Nf3xd4 exd4
9.Nc3d5 b6
10.Bc1f4 Bc8b7
11.Nd5xf6 Qd8xf6
12.g3 d6
13.Bc4d5 O-O-O
14.Qd1g4 Kb8
15.b4 Bb7c8
16.Qg4f3 g5
17.e5 Nc6xe5
18.Qf3g2 gxf4
19.a4 Rd8g8
20.b5 a5
21.Ra1e1 f3
22.Qg2h1 h5
23.Re1e4 Ne5g4
24.Re4f4 Bc8f5
25.Bd5xf3 Ng4e5
26.Bf3a8 Kc8
27.Rf1e1 Kd7
28.Ba8c6 Ke7
29.Bc6e4 Rg8g5
30.h4 Rg5g8
31.Rf4xf5 Qf6e6
32.Qh1h2 d5
33.Qh2g2 Kd6
34.Rf5f4 Rh8h6
35.Be4xd5 Qe6e7
36.Bd5b7 Kd7
37.Rf4xd4 Rh6d6
38.Rd4d5 f6
39.Bb7c6 Ke6
40.f4 Qe7g7
41.fxe5 Qg7h7
42.exf6 Kxf6
43.Qg2f3 Kg7
44.Re1e7 Kh8
45.Re7xh7 Kxh7
46.Rd5xd6 cxd6
47.Bc6e4 { resign }
1-0